|
|
|
|
| LEADER |
03479nam a2200829 i 4500 |
| 001 |
nkc20203266669 |
| 003 |
CZ PrNK |
| 005 |
20210504073026.0 |
| 007 |
ta |
| 008 |
201127s2020 xr ab f 000 0 cze |
| 015 |
|
|
|a cnb003266669
|
| 020 |
|
|
|a 978-80-7599-197-3
|q (brožováno)
|
| 035 |
|
|
|a (OCoLC)1237098944
|
| 040 |
|
|
|a BOA001
|b cze
|d ABA001
|e rda
|
| 041 |
0 |
|
|a cze
|a pol
|b cze
|b eng
|b pol
|
| 043 |
|
|
|a e-xr---
|a e-pl---
|a e-cs---
|
| 045 |
|
|
|a x1y1
|
| 072 |
|
7 |
|a 37
|x Výchova a vzdělávání
|2 Konspekt
|9 22
|
| 080 |
|
|
|a 94(437)"1918"
|2 MRF
|
| 080 |
|
|
|a 37.091.64(075)
|2 MRF
|
| 080 |
|
|
|a 93/94
|2 MRF
|
| 080 |
|
|
|a 821.162.3
|2 MRF
|
| 080 |
|
|
|a 821.162.1
|2 MRF
|
| 080 |
|
|
|a 91
|2 MRF
|
| 080 |
|
|
|a 94(437)
|2 MRF
|
| 080 |
|
|
|a 94(438)
|2 MRF
|
| 080 |
|
|
|a (048.8:082)
|2 MRF
|
| 245 |
0 |
0 |
|a 1918 :
|b rok 1918 - jeho předpoklady, důsledky a význam v českých/československých a polských učebnicích = rok 1918 - jego założenia, konsekwencje i znaczenie w czeskich/czechosłowackich i polskich podręcznikach szkolnych /
|c Blažena Gracová, Martin Tomášek, Barbara Baarová (eds)
|
| 246 |
3 |
|
|a Tisíc devět set osmnáct
|
| 246 |
3 |
|
|a Devatenáct set osmnáct
|
| 246 |
3 |
0 |
|a Rok 1918 - jeho předpoklady, důsledky a význam v českých/československých a polských učebnicích
|
| 246 |
3 |
0 |
|a Rok 1918 - jego założenia, konsekwencje i znaczenie w czeskich/czechosłowackich i polskich podręcznikach szkolnych
|
| 250 |
|
|
|a Vydání první
|
| 264 |
|
1 |
|a Ostrava :
|b University of Ostrava,
|c 2020
|
| 300 |
|
|
|a 251 stran :
|b ilustrace, 1 mapa ;
|c 24 cm
|
| 336 |
|
|
|a text
|b txt
|2 rdacontent
|
| 337 |
|
|
|a bez média
|b n
|2 rdamedia
|
| 338 |
|
|
|a svazek
|b nc
|2 rdacarrier
|
| 500 |
|
|
|a 100 výtisků
|
| 504 |
|
|
|a Obsahuje bibliografii a bibliografické odkazy
|
| 546 |
|
|
|a Částečně polský text, česká, anglická a polská resumé
|
| 648 |
|
7 |
|a 1918-2018
|7 ch999772
|2 czenas
|
| 650 |
0 |
7 |
|a vznik Československa (1918)
|7 ph225469
|2 czenas
|
| 650 |
0 |
7 |
|a učebnice
|7 ph126974
|z Česko
|2 czenas
|
| 650 |
0 |
7 |
|a učebnice
|7 ph126974
|z Polsko
|2 czenas
|
| 650 |
0 |
7 |
|a dějepis
|7 ph117186
|2 czenas
|
| 650 |
0 |
7 |
|a česká literatura
|7 ph116858
|2 czenas
|
| 650 |
0 |
7 |
|a polská literatura
|7 ph115805
|2 czenas
|
| 650 |
0 |
7 |
|a zeměpis
|7 ph116771
|2 czenas
|
| 650 |
0 |
9 |
|a rise of Czechoslovakia (1918)
|2 eczenas
|
| 650 |
0 |
9 |
|a textbooks
|z Czechia
|2 eczenas
|
| 650 |
0 |
9 |
|a textbooks
|z Poland
|2 eczenas
|
| 650 |
0 |
9 |
|a history (school subject)
|2 eczenas
|
| 650 |
0 |
9 |
|a Czech literature
|2 eczenas
|
| 650 |
0 |
9 |
|a Polish literature
|2 eczenas
|
| 650 |
0 |
9 |
|a geography (school subject)
|2 eczenas
|
| 651 |
|
7 |
|a Československo
|7 ge131689
|x dějiny
|y 1918-2018
|2 czenas
|
| 651 |
|
7 |
|a Polsko
|7 ge130478
|x dějiny
|y 1918-2018
|2 czenas
|
| 651 |
|
9 |
|a Czechoslovakia
|x history
|y 1918-2018
|2 eczenas
|
| 651 |
|
9 |
|a Poland
|x history
|y 1918-2018
|2 eczenas
|
| 655 |
|
7 |
|a kolektivní monografie
|7 fd501537
|2 czenas
|
| 655 |
|
9 |
|a collective monographs
|2 eczenas
|
| 700 |
1 |
|
|a Gracová, Blažena,
|d 1950-
|7 jn20000400799
|4 edt
|
| 700 |
1 |
|
|a Tomášek, Martin,
|d 1969-
|7 jn20001227629
|4 edt
|
| 700 |
1 |
|
|a Baarová, Barbara
|7 osd2015878868
|4 edt
|
| 910 |
2 |
|
|a BOA001
|b 2-1458.532
|
| 928 |
9 |
|
|a Ostravská univerzita
|
| 990 |
|
|
|a BK
|
| 995 |
|
|
|a 01
|
| 991 |
|
|
|b 202101
|c NOV
|
| 996 |
6 |
|
|b 2610844702
|c 2-1458.532
|l MZK
|r Sklad / do 1 hodiny
|n 0
|p p.v.
|w 001836912
|u 000010
|a 1
|e BOA001
|j MZK50
|s P
|
| 996 |
7 |
|
|b 2610859804
|c 2-1458.532
|l Vol.výběr
|r VV 1p
|n 1
|p kup
|h 93/94 GRA
|w 001836912
|u 000020
|a 0
|e BOA001
|j MZK50
|s A
|